• 首页
  • 本馆介绍
  • 公告通知
  • 最新文献
  • 馆藏检索
  • 电子资源
  • 读者导购
  • 参考咨询
  • 我的图书馆
  • 登录
  • 详细信息显示
  • 放入我的书架
  • 预约/预借图书
  • 作者相关作品
  • 分类相关作品
  • 丛书相关作品
  • 出版社相关作品

书目信息

  • 表格格式
  • 工作单格式
  • 卡片格式
题名:
商务与经济统计学
    
 
作者: 林德 , 麦克尔 , 沃森 著 ;王维国 主译
分册:  
出版信息: 大连   东北财经大学出版社  2011
页数: 549页
开本: 26cm
丛书名: 经济学经典译丛
单 册:
中图分类: F712.3 , F222.1
科图分类:
主题词: 商业统计 , 经济统计
电子资源:
ISBN: 978-7-5654-0266-1
000 01667oam2 2200361 450
001 523
005 20140909095229.92
010    @a978-7-5654-0266-1@dCNY72.00
100    @a20110711d2011 em y0chiy50 ea
101 1  @achi@ceng
102    @aCN@b210000
105    @ay z 000yy
106    @ar
200 1  @a商务与经济统计学@AShang Wu Yu Jing Ji Tong Ji Xue@dBasic statistics for business & economics@f(美)道格拉斯·A. 林德(Douglas A. Lind),(美)威廉·G. 马夏尔(William G. Marchal),(美)塞缪尔·A. 沃森(Samuel A. Wathen)著@F( Mei ) Dao Ge La Si· A. Lin De (Douglas A. Lind),( Mei ) Wei Lian· G. Ma Xia Er (William G. Marchal),( Mei ) Sai Miu Er· A. Wo Sen (Samuel A. Wathen) Zhu@g王维国主译@zeng
210    @a大连@c东北财经大学出版社@d2011
215    @a549页@d26cm
225 2  @a经济学经典译丛
300    @a“十二五”国家重点图书出版规划项目
305    @a据原书第6版译出
306    @a麦格劳-希尔(亚洲)教育出版公司与东北财经大学出版社合作出版
330    @a本书从应用层面对统计学基本方法进行讲解,运用商务与经济及管理实际中的实例详加说明,并将统计软件的使用与统计方法的应用结合起来。此外,配备规范完整的教辅资料,方便教师备课和学生学习。
461  0 @12001 @a经济学经典译丛
510 1  @aBasic statistics for business & economics@zeng
606 0  @a商业统计
606 0  @a经济统计
690    @aF712.3@v5
690    @aF222.1@v5
701  0 @c(美)@a林德@ALin De@c(Lind, Douglas A.)@4著
701  0 @c(美)@a麦克尔@AMai Ke Er@c(Marchals, William G.)@4著
701  0 @c(美)@a沃森@AWo Sen@c(Wathen, Samuel A.)@4著
702  0 @a王维国@AWang Wei Guo@f(1944.8~)@4主译
801  0 @aCN@bTANGWEI@c20140603
905    @b0841922-24@dF712.3@e633@f3
    
    商务与经济统计学=Basic statistics for business & economics/(美)道格拉斯·A. 林德(Douglas A. Lind),(美)威廉·G. 马夏尔(William G. Marchal),(美)塞缪尔·A. 沃森(Samuel A. Wathen)著/王维国主译.-大连:东北财经大学出版社,2011
    549页;26cm.-(经济学经典译丛)
    “十二五”国家重点图书出版规划项目
    
    ISBN 978-7-5654-0266-1:CNY72.00
    本书从应用层面对统计学基本方法进行讲解,运用商务与经济及管理实际中的实例详加说明,并将统计软件的使用与统计方法的应用结合起来。此外,配备规范完整的教辅资料,方便教师备课和学生学习。
●
相关链接 在E读中查询图书 在五车中查询图书 在当当中查询图书 在豆瓣中查询图书


正题名:商务与经济统计学     索取号:F712.3/633         预约/预借

序号 登录号 条形码 馆藏地/架位号 状态 备注
1 0841922   208419228   第一样本阅览室/ [索取号:F712.3/633] 在馆    
2 0841923   208419237   第一借阅区/ [索取号:F712.3/633] 在馆    
3 0841924   208419246   密集书库-海洋学院/ [索取号:F712.3/633] 在馆    
唐山师范学院图书馆 欢迎您!
大连网信软件有限公司© 版权所有